01017nas a2200301 4500001001300000003000900013005001700022007000300039008003400042040005400076041000900130072000800139100001800147100001700165100002600182100002300208100002100231245008100252650000900333650002300342650001300365650001300378773009400391909004000485942001800525999001900543952015300562BR2018001107BR-BrBNA20231205131332.0ta230509b bl.|||p| |||| 00| 00por d aBR-BrBNAbporcBiblioteca Nacional de Agricultura a(En) aH201 aSales, N.I.S.1 aLeão, E.U.1 aCorreia, L.C.M. do A.1 aSiqueira, C. de A.1 aSantos, G.R. dos1 aTemporal progress of teak rust in a tropical area of Tocantins state, Brazil aTECA aDOENÇA DE PLANTA aFERRUGEM aDESFOLHA0 tActa Amazônica (Brazil)xISSN 0044-5967 g(Sep 2017), v. 47(3) p. 277-280wBR2018001107 a202311bLúciac55dLúcia Elande 2AGRISn0cANA c254257d254257 002AGRIS4071a41918b41918cPeriódicos Agrícolash(Sep 2017), v. 47(3) p. 277-280l0r2023-11-29t01yCRePortaria Interministerial nº 164/94